David Edwards and Lilian Pallikaropoulos v Environment Agency, First Secretary of State, Secretary of State for Environment, Food and Rural Affairs and Cemex UK Cement Ltd (formerly Rugby Ltd) (Record no. 77445)
[ view plain ]
| 000 -LEADER | |
|---|---|
| fixed length control field | 02404cab a2200265 4500 |
| 001 - CONTROL NUMBER | |
| control field | ##L134309 |
| 008 - FIXED-LENGTH DATA ELEMENTS--GENERAL INFORMATION | |
| fixed length control field | 060725n2006 000 0 eng u |
| 035 ## - SYSTEM CONTROL NUMBER | |
| System control number | (Sirsi) u134309 |
| 041 0# - LANGUAGE CODE | |
| Language code of text/sound track or separate title | eng |
| 245 00 - TITLE STATEMENT | |
| Title | David Edwards and Lilian Pallikaropoulos v Environment Agency, First Secretary of State, Secretary of State for Environment, Food and Rural Affairs and Cemex UK Cement Ltd (formerly Rugby Ltd) |
| 260 ## - PUBLICATION, DISTRIBUTION, ETC. | |
| Date of publication, distribution, etc. | 2006 |
| 520 ## - SUMMARY, ETC. | |
| Summary, etc. | [2006] EWCA Civ 877, 27 June 2006. Concerns the requirement for an Environmental Impact Assessment (EIA) relating to a proposal to burn waste tyres as a partial substitute fuel at a cement manufacturing plant. Appeal by ED against the decision ([2005] EWHC 657 (Admin), unreported) not to quash a conditional permit granted by EN to C pursuant to the Pollution Prevention and Control (England and Wales) Regulations 2000 Reg 10 for the continued operation of C's Rugby cement plant including the proposed burning of waste tyres as fuel. E contended that the permit was unlawful for want of an EIA report following Directive 85/337/EEC and that C's application did not comply with the 2000 Regulations because of a shortfall of information on the predicted emissions and their environmental impact. "Held": appeal dismissed. EN did not need to consider an EIA. EA had, regarding its granting of a conditional permit following the 2000 Regulations, been in breach of its common law duty of fairness by failing to disclose consultation internal reports material to its decision. However there was no point in quashing the decision to enable consultation to take place on out-of-date data. |
| 590 ## - LOCAL NOTE (RLIN) | |
| Local note | IKA010806 |
| 650 24 - SUBJECT ADDED ENTRY--TOPICAL TERM | |
| Topical term or geographic name entry element | EDWARDS AND ANOTHER V ENVIRONMENT AGENCY AND OTHERS AND CEMEX UK CEMENT LTD |
| 650 24 - SUBJECT ADDED ENTRY--TOPICAL TERM | |
| Topical term or geographic name entry element | POLLUTION PREVENTION AND CONTROL (ENGLAND AND WALES) REGULATIONS 2000 REG 10 |
| 650 24 - SUBJECT ADDED ENTRY--TOPICAL TERM | |
| Topical term or geographic name entry element | DIRECTIVE 85/337/EEC |
| 650 24 - SUBJECT ADDED ENTRY--TOPICAL TERM | |
| Topical term or geographic name entry element | R V ENVIRONMENT AGENCY EX P GIBSON |
| 650 24 - SUBJECT ADDED ENTRY--TOPICAL TERM | |
| Topical term or geographic name entry element | R V DURHAM CC EX P LOWTHER |
| 650 24 - SUBJECT ADDED ENTRY--TOPICAL TERM | |
| Topical term or geographic name entry element | R V SOS HEALTH EX P UNITED STATES TOBACCO INTERNATIONAL INC |
| 650 24 - SUBJECT ADDED ENTRY--TOPICAL TERM | |
| Topical term or geographic name entry element | INTERBREW SA V COMPETITION COMMISSION |
| 651 #4 - SUBJECT ADDED ENTRY--GEOGRAPHIC NAME | |
| Geographic name | England and Wales |
| Chronological subdivision | 1543- |
| 690 ## - LOCAL SUBJECT ADDED ENTRY--TOPICAL TERM (OCLC, RLIN) | |
| Topical term or geographic name as entry element | ENVIRONMENTAL AND LAND CONSULTANCY-ENVIRONMENTAL MANAGEMENT-ENVIRONMENTAL ASSESSMENT-ENVIRONMENTAL IMPACT ASSESSMENT |
| 856 40 - ELECTRONIC LOCATION AND ACCESS | |
| Uniform Resource Identifier | <a href="https://www.bailii.org/ew/cases/EWCA/Civ/2006/877.html">https://www.bailii.org/ew/cases/EWCA/Civ/2006/877.html</a> |
| Public note | View the judgment free of charge at www.bailii.org... |
| 942 ## - ADDED ENTRY ELEMENTS (KOHA) | |
| Suppress in OPAC | 0 |
| Withdrawn status | Lost status | Source of classification or shelving scheme | Damaged status | Not for loan | Home library | Current library | Shelving location | Date acquired | Total Checkouts | Full call number | Barcode | Date last seen | Copy number | Price effective from | Koha item type |
|---|---|---|---|---|---|---|---|---|---|---|---|---|---|---|---|
| Dewey Decimal Classification | Virtual | Virtual | Online | 25/07/2006 | ONLINE PUBLICATION | 134309-2001 | 06/08/2019 | 1 | 06/08/2019 | Law report |